Nanotechnology and the Challenges of Equity, Equality and Development

Nanotechnology is enabling applications in materials, microelectronics, health, and agriculture, which are projected to create the next big shift in production, comparable to the industrial revolution. Such major shifts always co-evolve with social relationships. This book focuses on how nanotechnol...

Full description

Bibliographic Details
Corporate Author: SpringerLink (Online service)
Other Authors: Cozzens, Susan E. (Editor), Wetmore, Jameson (Editor)
Format: Electronic eBook
Language:English
Published: Dordrecht : Springer Netherlands : Imprint: Springer, 2011.
Series:Yearbook of Nanotechnology in Society ; 2
Subjects:
Online Access:Full Text via HEAL-Link
LEADER 02727nam a22005175i 4500
001 978-90-481-9615-9
003 DE-He213
005 20151204164234.0
007 cr nn 008mamaa
008 101013s2011 ne | s |||| 0|eng d
020 |a 9789048196159  |9 978-90-481-9615-9 
024 7 |a 10.1007/978-90-481-9615-9  |2 doi 
040 |d GrThAP 
050 4 |a H1-970.9 
072 7 |a J  |2 bicssc 
072 7 |a JHB  |2 bicssc 
072 7 |a SOC000000  |2 bisacsh 
082 0 4 |a 300  |2 23 
245 1 0 |a Nanotechnology and the Challenges of Equity, Equality and Development  |h [electronic resource] /  |c edited by Susan E. Cozzens, Jameson Wetmore. 
264 1 |a Dordrecht :  |b Springer Netherlands :  |b Imprint: Springer,  |c 2011. 
300 |a XXX, 458 p.  |b online resource. 
336 |a text  |b txt  |2 rdacontent 
337 |a computer  |b c  |2 rdamedia 
338 |a online resource  |b cr  |2 rdacarrier 
347 |a text file  |b PDF  |2 rda 
490 1 |a Yearbook of Nanotechnology in Society ;  |v 2 
520 |a Nanotechnology is enabling applications in materials, microelectronics, health, and agriculture, which are projected to create the next big shift in production, comparable to the industrial revolution. Such major shifts always co-evolve with social relationships. This book focuses on how nanotechnologies might affect equity/equality in global society. Nanotechnologies are likely to open gaps by gender, ethnicity, race, and ability status, as well as between developed and developing countries, unless steps are taken now to create a different outcome. Organizations need to change their practices, and cultural ideas must be broadened if currently disadvantaged groups are to have a more equal position in nano-society rather than a more disadvantaged one. Economic structures are likely to shift in the nano-revolution, requiring policymakers and participatory processes to invent new institutions for social welfare, better suited to the new economic order than those of the past. 
650 0 |a Social sciences. 
650 0 |a Ethics. 
650 0 |a Medical research. 
650 0 |a Quality of life. 
650 0 |a Nanotechnology. 
650 1 4 |a Social Sciences. 
650 2 4 |a Social Sciences, general. 
650 2 4 |a Nanotechnology. 
650 2 4 |a Ethics. 
650 2 4 |a Quality of Life Research. 
700 1 |a Cozzens, Susan E.  |e editor. 
700 1 |a Wetmore, Jameson.  |e editor. 
710 2 |a SpringerLink (Online service) 
773 0 |t Springer eBooks 
776 0 8 |i Printed edition:  |z 9789048196142 
830 0 |a Yearbook of Nanotechnology in Society ;  |v 2 
856 4 0 |u http://dx.doi.org/10.1007/978-90-481-9615-9  |z Full Text via HEAL-Link 
912 |a ZDB-2-SHU 
950 |a Humanities, Social Sciences and Law (Springer-11648)